Biodynamic farming and gardening: (Record no. 13866)
[ view plain ]
| 000 -LEADER | |
|---|---|
| fixed length control field | 00965nam a22002417a 4500 |
| 005 - DATE AND TIME OF LATEST TRANSACTION | |
| control field | 20080623125830.0 |
| 008 - FIXED-LENGTH DATA ELEMENTS--GENERAL INFORMATION | |
| fixed length control field | 080618t xxu||||| |||| 00| 0 eng d |
| 010 ## - LIBRARY OF CONGRESS CONTROL NUMBER | |
| LC control number | ENG-90377 |
| 020 ## - INTERNATIONAL STANDARD BOOK NUMBER | |
| Terms of availability | 250.00 |
| International Standard Book Number | 8185569762 |
| 035 ## - SYSTEM CONTROL NUMBER | |
| System control number | EN-73910 |
| 037 ## - SOURCE OF ACQUISITION | |
| Source of stock number/acquisition | DBAD / PUB |
| 040 ## - CATALOGING SOURCE | |
| Original cataloging agency | DPL |
| Language of cataloging | EN |
| 082 ## - DEWEY DECIMAL CLASSIFICATION NUMBER | |
| Classification number | 631.847 |
| 100 ## - MAIN ENTRY--PERSONAL NAME | |
| Personal name | Proctor, Peter |
| 245 ## - TITLE STATEMENT | |
| Title | Biodynamic farming and gardening: |
| Statement of responsibility, etc | by Peter Proctor ; illustrated by Tana Lyons |
| Remainder of title | philosophy, principles & practice / |
| 250 ## - EDITION STATEMENT | |
| Edition statement | rev. ed. |
| 260 ## - PUBLICATION, DISTRIBUTION, ETC. (IMPRINT) | |
| Place of publication, distribution, etc | Goa |
| Name of publisher, distributor, etc | Other India Press |
| Date of publication, distribution, etc | 2007 |
| 270 ## - ADDRESS | |
| Address | G-8, St. Britto's Apartments, Feira Alta, Mapusa, |
| City | Goa |
| Postal code | 403507 |
| 300 ## - PHYSICAL DESCRIPTION | |
| Extent | 211p.: |
| Dimensions | 23 cm (pbk) |
| Other physical details | b&w , col. photos |
| 500 ## - GENERAL NOTE | |
| General note | Includes bibliographical references and index |
| 942 ## - ADDED ENTRY ELEMENTS (KOHA) | |
| Koha item type | English Books |
| Classification part | 631.847 |
| Source of classification or shelving scheme | Dewey Decimal Classification |
| Call number suffix | PRO |
| Withdrawn status | Lost status | Damaged status | Not for loan | Collection code | Home library | Current library | Date acquired | Source of acquisition | Cost, normal purchase price | Total Checkouts | Full call number | Barcode | Date last seen | Copy number | Cost, replacement price | Price effective from | Koha item type |
|---|---|---|---|---|---|---|---|---|---|---|---|---|---|---|---|---|---|
| Not For Loan | Non-fiction | D.B.Act.Division | D.B.Act.Division | 23/06/2008 | DBAD / PUB | 250.00 | 631.847 PRO | EN-73910 | 15/09/2008 | 1 | 250.00 | 15/09/2008 | English Books |
